000 00844nam a2200205 i 4500
001 112127
003 ES-MaACL
005 20251221155345.0
007 t|
008 061121s1909 sp r ||||1| spa d
100 1 _aNavarro Reverter, Juan,
_d1844-1924
_985166
245 1 0 _aMedios prácticos de establecer en España el crédito mobiliario agrícola
_b: ponencia del Excmo. Sr. D. Juan Navarro Reverter, Madrid, noviembre de 1909.
260 _aMadrid :
_b[s.n.],
_c1909 (
_fImp. de la Sucesora de M. Minuesa de los Ríos)
300 _a53 p. ;
_c22 cm.
594 _aPrecede al título: Congreso Agrícola Nacional de Valencia.
650 4 _aCrédito agrícola-
_zEspaña.
_9135837
711 2 _aCongreso Agrícola Nacional de Valencia
_d(1909.
_cValencia)
_9162445
852 4 _aES-MaACL
_jT-1194-F-3
999 _c112127
_d112127